000 00504nam a2200193Ia 4500
999 _c30996
_d30996
001 30873
003 PK-LaUMT
005 20220902152336.0
008 140416s9999 xx 000 0 und d
020 _a0-8213-5712 -3
040 _cPK-LaUMT
082 _aW 001
_bGWI-S
100 _aCatherine Gwin
245 _aSharing knowledge
_binnovations and remaining challenges
_cCatherine Gwin
260 _aWashington,USA:
_bWorld Bank,
_c2003
300 _a99 p.
546 _aEN
942 _cWEEDED OUT
_2ddc